[Event "Memorial Brinzeu (open)"]
[Site "masterchessopen.com Timishoara (Romania)"]
[Date "2006.03.18"]
[Round "1"]
[White "Milanovic Danilo (SRB)"]
[Black "Craciun Paula (ROM)"]
[Result "1-0"]
[WhiteElo "2477"]
[BlackElo "2097"]

1.d4 Nf6 2.c4 e6 3.Nc3 Bb4 4.e3 b6 5.Bd3 Bb7 6.Nf3 c5 7.O-O d5 8.cxd5 exd5
9.Bb5+ Bc6 10.Qa4 Bxb5 11.Nxb5 Nc6 12.a3 Ba5 13.dxc5 bxc5 14.Nxa7 Rxa7
15.Qxc6+ {#r} 1-0

[Event "It (open) \"]
[Site "masterchessopen.com Hendersonville (USA)"]
[Date "2006.03.19"]
[Round "9"]
[White "Magar Thomas P (USA)"]
[Black "Lopez N (PER)"]
[Result "1-0"]
[WhiteElo "2100"]
[BlackElo "2242"]

1.d4 Nf6 2.c4 e6 3.Nc3 Bb4 4.e3 b6 5.Bd3 Bb7 6.Nf3 Ne4 7.Qc2 f5 8.O-O Bxc3
9.bxc3 O-O 10.Nd2 Qh4 11.f3 Nd6 12.Ba3 Rf6 13.Rf2 Rh6 14.Nf1 Nf7 15.f4 g5
16.g3 Qh5 17.Re1 d6 18.d5 Rf6 19.dxe6 Nh6 20.Bc1 Ng4 21.e4 Nxf2 22.Qxf2 fxe4
23.Qd4 Rxe6 24.Rxe4 Nd7 25.Nd2 Qe8 26.Kf2 Bxe4 27.Nxe4 Qh5 28.Nxg5 c6 29.Bxh7+
Kf8 30.Qh8+ Ke7 31.Qg7+ Ke8 32.Qf7+ {#r} 1-0

[Event "It (open)"]
[Site "masterchessopen.com Bar (Yugoslavia)"]
[Date "2006.03.21"]
[Round "4"]
[White "Dinev Dejan (MKD)"]
[Black "Nestorovic Dejan (SRB)"]
[Result "0-1"]
[WhiteElo "2310"]
[BlackElo "2401"]

1.d4 Nf6 2.c4 e6 3.Nc3 Bb4 4.e3 b6 5.Bd3 Bb7 6.Nf3 Bxc3+ 7.bxc3 Ne4 8.Qc2 f5
9.O-O O-O 10.c5 bxc5 11.Rb1 Qc8 12.Ba3 d6 13.Rfc1 Nd7 14.Qb3 Nb6 15.dxc5 dxc5
16.Rb2 Bc6 17.Re2 Rb8 18.Bxe4 fxe4 19.Ng5 Bd5 20.Qd1 Rf5 21.h4 h6 22.Nh3 Bc4
23.Rd2 Qa6 24.g4 Rd5 25.Rxd5 exd5 26.Bxc5 Nd7 27.Qd4 Qe6 28.Kh2 Ne5 29.Ng1 Rb2
{#R} 0-1

[Event "Ch Russia (juniors) (under 14) (g)"]
[Site "masterchessopen.com Dagomys (Russia)"]
[Round "5"]
[White "Kashlinskaya Alina (RUS)"]
[Black "Sorokina Anastasia (AUS)"]
[Result "1-0"]
[WhiteElo "2121"]
[BlackElo "2208"]

1.d4 Nf6 2.c4 e6 3.Nc3 Bb4 4.e3 b6 5.Bd3 Bb7 6.Nf3 Ne4 7.O-O Bxc3 8.bxc3 O-O
9.Qc2 f5 10.Nd2 Nxd2 11.Bxd2 Qh4 12.f3 Rf6 13.Be1 Qg5 14.Qe2 Rh6 15.Bg3 Qh5
16.e4 Nc6 17.exf5 exf5 18.Rae1 Rf8 19.Bf4 g5 20.g4 Qh3 21.Bxg5 Rg6 22.f4 Nxd4
23.cxd4 Re6 24.Qf2 Qxg4+ 25.Qg3 Qxg3+ 26.hxg3 {#r} 1-0

[Event "Ch Russia (juniors) (under 16)"]
[Site "masterchessopen.com Dagomys (Russia)"]
[Round "6"]
[White "Mozharov Mikhail (RUS)"]
[Black "Gerasimov Ivan (RUS)"]
[Result "1-0"]
[WhiteElo "2418"]
[BlackElo "2268"]

1.d4 Nf6 2.c4 e6 3.Nc3 Bb4 4.e3 b6 5.Bd3 Bb7 6.f3 Bxc3+ 7.bxc3 d6 8.Ne2 O-O
9.O-O Re8 10.e4 Nfd7 11.Ng3 c5 12.Be3 Nc6 13.f4 Na5 14.Qh5 Nf8 15.f5 f6
16.fxe6 Rxe6 17.e5 dxe5 18.d5 e4 19.dxe6 exd3 20.Qf7+ {#r} 1-0

[Event "Ch Austria (juniors) (under 16)"]
[Site "masterchessopen.com Tschagguns (Austria)"]
[Date "2006.04.11"]
[Round "5"]
[White "Ladenhauf Gideon (AUT)"]
[Black "Schnegg Daniel (AUT)"]
[Result "1-0"]
[WhiteElo "2025"]
[BlackElo "2002"]

1.d4 Nf6 2.c4 e6 3.Nc3 Bb4 4.e3 b6 5.Bd3 Bb7 6.Nf3 Ne4 7.Qc2 f5 8.O-O O-O
9.Nxe4 fxe4 10.Bxe4 Nc6 11.a3 Bd6 12.c5 Be7 13.Bxh7+ Kh8 14.Be4 Rf6 15.Ne5
bxc5 16.Nxc6 dxc6 17.dxc5 Qf8 18.b4 Rh6 19.Bf3 Qf6 20.Bb2 Qg5 21.Qe4 Rh4
22.Qe5 Qh6 23.Qxc7 Qg5 24.Qxb7 Rf8 25.Bxc6 Rf7 26.Qc8+ Bd8 27.f4 Qe7 28.g3 Rg4
29.Bf3 Rg6 30.Bh5 Rff6 31.Bxg6 Rxg6 32.Rfd1 {#r} 1-0

[Event "It (open)"]
[Site "masterchessopen.com San Sebastian (Spain)"]
[Date "2006.06.10"]
[Round "6"]
[White "Juez Villar Erik (ESP)"]
[Black "Sanz Perez Eduardo (ESP)"]
[Result "0-1"]
[WhiteElo "1770"]
[BlackElo "2164"]

1.d4 e6 2.c4 Nf6 3.Nc3 Bb4 4.e3 b6 5.Bd3 O-O 6.Ne2 d5 7.a3 Bd6 8.O-O dxc4
9.Bxc4 Ng4 10.h3 Qh4 11.Ng3 Nxf2 12.Qf3 Nxh3+ 13.gxh3 Qxg3+ 14.Qxg3 Bxg3 {#R}
0-1

[Event "Ch Paris (open)"]
[Site "masterchessopen.com Paris (France)"]
[Date "2006.07.12"]
[Round "4"]
[White "Salaun Yann (FRA)"]
[Black "Fedorchuk Sergey A (UKR)"]
[Result "0-1"]
[WhiteElo "2340"]
[BlackElo "2599"]

1.d4 Nf6 2.c4 e6 3.Nc3 Bb4 4.e3 b6 5.Bd3 Bb7 6.Nf3 c5 7.O-O O-O 8.Na4 cxd4
9.a3 Be7 10.exd4 Re8 11.b4 d6 12.Bb2 Nbd7 13.Re1 Bf8 14.Nc3 Rc8 15.Rc1 g6
16.Rc2 a6 17.Bf1 Bg7 18.Ng5 Nf8 19.g3 Rc7 20.Nge4 Nxe4 21.Nxe4 d5 22.cxd5 Rxc2
23.Qxc2 exd5 {#R} 0-1

[Event "Cup North Sea (open)"]
[Site "masterchessopen.com Esbjerg (Denmark)"]
[Date "2006.07.13"]
[Round "7"]
[White "Kristensen Thomas Overgaard"]
[Black "Mortensen Carl Heinrich (DEN)"]
[Result "0-1"]
[WhiteElo "1255"]
[BlackElo "1770"]

1.d4 Nf6 2.c4 e6 3.Nc3 Bb4 4.e3 b6 5.Bd3 Bb7 6.f3 O-O 7.Ne2 c5 8.a3 cxd4
9.axb4 dxc3 10.bxc3 Nc6 11.O-O Ne5 12.e4 Qc7 13.Bf4 d6 14.Nd4 a6 15.Ne2 Nxc4
16.Bxc4 Qxc4 17.Bxd6 Rfd8 18.e5 Nd5 19.Qd2 a5 20.f4 Ba6 21.Rf2 Bb7 22.Rff1 a4
23.Kh1 a3 24.Qa2 Qe4 25.Ng3 Qg6 26.Qb3 Ne3 27.Rf2 Bd5 28.Qb1 Qxb1+ 29.Rxb1 a2
30.Ra1 Rdc8 {#R} 0-1

[Event "It (open) \"]
[Site "masterchessopen.com Copenhagen (Denmark)"]
[Date "2006.07.23"]
[Round "2"]
[White "Ostergaard Rasmus (DEN)"]
[Black "Hernandez Castro J"]
[Result "0-1"]
[WhiteElo "2152"]
[BlackElo "1916"]

1.d4 Nf6 2.c4 e6 3.Nc3 Bb4 4.e3 b6 5.Bd3 Bb7 6.Ne2 d5 7.O-O O-O 8.a3 Bd6 9.Ng3
dxc4 10.Bxc4 c5 11.Nb5 Nc6 12.Nxd6 Qxd6 13.dxc5 Qxc5 14.Qe2 Ne5 15.Ba2 a5
16.Rd1 Rfd8 17.Rxd8+ Rxd8 18.Bd2 Bf3 19.Qe1 Nd3 20.Qb1 Bb7 21.Bc3 Ng4 22.Nh1
Nxe3 23.fxe3 Qxe3+ 24.Kf1 Ba6 25.g3 Nf4+ {#R} 0-1

[Event "It (open)"]
[Site "masterchessopen.com Cambados (Spain)"]
[Date "2006.08.06"]
[Round "4"]
[White "Iotov Valentin (BUL)"]
[Black "Espineira Gonzalez Diego (ESP)"]
[Result "1-0"]
[WhiteElo "2503"]
[BlackElo "2292"]

1.d4 e6 2.c4 Nf6 3.Nc3 Bb4 4.e3 b6 5.Bd3 Bb7 6.Nf3 Ne4 7.O-O f5 8.Ne2 Be7 9.b3
O-O 10.Bb2 Qe8 11.Qc2 Qg6 12.Ng3 Nxg3 13.fxg3 c5 14.Rae1 Na6 15.a3 d6 16.e4
fxe4 17.Rxe4 Bxe4 18.Bxe4 Qe8 19.Bxh7+ Kh8 20.Bg6 Qc6 21.Qd2 cxd4 22.Ne5 Rxf1+
23.Kxf1 Rf8+ 24.Ke1 {#r} 1-0

[Event "Cup Independence (open)"]
[Site "masterchessopen.com Kiev (Ukraine)"]
[Date "2006.08.16"]
[Round "4"]
[White "Zakharchenko Arnold (UKR)"]
[Black "Khadzh Khamed Naser (UKR)"]
[Result "1-0"]
[WhiteElo "2263"]
[BlackElo "2000"]

1.d4 Nf6 2.c4 e6 3.Nc3 Bb4 4.e3 b6 5.Bd3 Bb7 6.Nf3 O-O 7.O-O c5 8.Nb5 cxd4
9.exd4 d5 10.Bg5 dxc4 11.Bxc4 Nc6 12.a3 Be7 13.Re1 Rc8 14.Qd3 Na5 15.Ba2 Rc5
16.b4 Rf5 17.Bxf6 Bxf6 18.bxa5 a6 19.Nc3 Bxf3 20.gxf3 Bxd4 21.Rad1 Qg5+ 22.Kf1
Bxc3 23.Qxc3 Rxa5 24.Re4 h5 25.h4 Qe7 26.Rd3 Rc5 27.Qd4 Qc7 28.Kg2 Rc8 29.Bb3
b5 30.a4 Qe7 31.axb5 axb5 32.Rf4 {#r} 1-0

[Event "Ch Europe (juniors) (under 14)"]
[Site "masterchessopen.com Herceg Novi (Montenegro)"]
[Date "2006.09.19"]
[Round "9"]
[White "Veits Janis (LAT)"]
[Black "Nestorovic Lazar (SRB)"]
[Result "0-1"]
[WhiteElo "1860"]
[BlackElo "2042"]

1.d4 Nf6 2.c4 e6 3.Nc3 Bb4 4.e3 b6 5.Bd3 Bb7 6.f3 Nh5 7.Ne2 O-O 8.O-O f5 9.Qc2
Nc6 10.Bd2 Bd6 11.Nb5 Nb4 12.Bxb4 Bxb4 13.e4 a6 14.Nbc3 Qg5 15.f4 Qg6 16.d5
Bc5+ 17.Kh1 exd5 18.exd5 Rae8 19.h3 b5 20.g4 b4 21.Nd1 Rxe2 22.Bxe2 Ng3+
23.Kg2 Nxf1 24.Kxf1 Qh6 25.gxf5 Qxh3+ 26.Ke1 Qg3+ 27.Kd2 Qxf4+ 28.Ke1 Rxf5
29.Qd3 Rg5 30.b3 Rg3 {#R} 0-1

[Event "Tournament (team)"]
[Site "masterchessopen.com Germany"]
[Date "2006.10.07"]
[Round "5"]
[White "Schmuck Helmut (GER)"]
[Black "Postny Evgeny (ISR)"]
[Result "0-1"]
[WhiteElo "2080"]
[BlackElo "2609"]

1.d4 Nf6 2.c4 e6 3.Nc3 Bb4 4.e3 b6 5.Bd3 Bb7 6.f3 c5 7.Ne2 cxd4 8.exd4 d5
9.Bg5 dxc4 10.Bxc4 O-O 11.O-O Nbd7 12.Rc1 Rc8 13.Ne4 Be7 14.Bd3 Rxc1 15.Qxc1
Nd5 16.Bxe7 Qxe7 17.Qd2 Rd8 18.f4 N7f6 19.a3 Ng4 20.Re1 Qh4 21.h3 Nge3 22.Ng5
Nxg2 23.Kxg2 Nxf4+ 24.Kf1 Nxd3 25.Qxd3 Qxg5 26.Rc1 e5 27.Rc7 Qg2+ 28.Ke1 exd4
29.Qf5 d3 30.Qxf7+ Kh8 31.Re7 d2+ 32.Kd1 Qh1+ {#R} 0-1

[Event "Cup European Club"]
[Site "masterchessopen.com Fuegen (Austria)"]
[Date "2006.10.13"]
[Round "6"]
[White "Einarsson Bergsteinn (ISL)"]
[Black "Nogly Christoph (GER)"]
[Result "0-1"]
[WhiteElo "2235"]
[BlackElo "2266"]

1.d4 Nf6 2.c4 e6 3.Nc3 Bb4 4.e3 b6 5.Bd3 Bb7 6.Nf3 Ne4 7.Qc2 f5 8.O-O Bxc3
9.bxc3 O-O 10.Nd2 Qh4 11.f3 Nxd2 12.Bxd2 Nc6 13.Rae1 Na5 14.Bc1 Ba6 15.Qe2 d6
16.e4 fxe4 17.fxe4 Rxf1+ 18.Rxf1 Rf8 19.Rxf8+ Kxf8 20.g3 Qe7 21.e5 dxe5
22.Qf3+ Qf6 23.Qa8+ Ke7 24.Qxa7 Bb7 25.Qb8 Kd7 26.c5 Qf3 27.Bb5+ Bc6 28.Bxc6+
Nxc6 29.Qb7 Qd1+ {#R} 0-1

[Event "Bundesliga 2006/07"]
[Site "masterchessopen.com Germany"]
[Date "2006.11.17"]
[Round "7"]
[White "Graf Alexander (GER)"]
[Black "Bindrich Falko (GER)"]
[Result "0-1"]
[WhiteElo "2601"]
[BlackElo "2482"]

{ Graf Alexander (GER) +1 =3 -4 Bindrich Falko (GER) +1 =1 -0 } 1.d4 Nf6 2.c4
e6 3.Nc3 Bb4 4.e3 b6 5.Bd3 Bb7 6.Nf3 Ne4 7.O-O Bxc3 8.bxc3 f5 { ?/= } 9.Ba3 (
9.Ne1 O-O 10.f3 Nf6 11.Qe2 d6 12.e4 fxe4 13.fxe4 e5 14.Bg5 Nbd7 15.Nc2 Qe8
16.Rae1 Qh5 17.Qxh5 Nxh5 18.Ne3 Rxf1+ 19.Kxf1 Nf4 20.Bxf4 exf4 21.Nd5 c5
22.Ne7+ Kh8 23.Nf5 Nf6 24.Nxd6 Ba6 25.e5 Ng4 26.e6 Ne3+ 27.Rxe3 { 1-0, Gelfand
Boris 2729 - Roiz Michael 2611 , Rishon le Zion 7. 9.2006 Ch World (blitz) } )
9...Qf6 { +0.15 CAP } ( 9...d6 10.d5 exd5 11.Nd4 Qf6 12.cxd5 Bxd5 13.c4 Bb7
14.f3 Nc5 15.Bxf5 Nbd7 16.Qc2 O-O-O 17.Bb2 Qf7 18.e4 Kb8 19.Bxd7 Qxd7 20.Nf5
Rhg8 21.Rad1 g6 22.Ne3 Qe6 23.Nd5 g5 24.Rde1 Rdf8 25.e5 Bxd5 26.cxd5 Qg6
27.Qxg6 Rxg6 28.Re3 Re8 29.Rd1 { ...1-0, Comas Fabrego Lluis 2509 - Postny
Evgeny 2563 , Andorra 9. 7.2004 It (open) } ) ( 9...Nxc3 10.Qc2 Bxf3 11.gxf3
Qg5+ 12.Kh1 Qh5 13.Kg2 Qg5+ 14.Kh1 Qh5 15.Kg2 { 1/2-1/2, Dizdar Goran 2542 -
Kovacevic Blazimir 2493 , Vukovar 13.11.2005 Ch Croatia } ) 10.Nd2 Nxd2 { N }
( 10...d6 11.Bxe4 fxe4 12.c5 dxc5 13.dxc5 Qxc3 14.Nb3 Nc6 15.Qg4 Qe5 16.Rfd1
Ne7 17.Rac1 Bd5 18.cxb6 axb6 19.Bb4 c5 20.Bc3 Qf5 21.Qg3 Rxa2 22.Ra1 Rxa1
23.Rxa1 Rf8 24.Ra7 e5 25.Nd2 Rf6 26.Bxe5 Rg6 27.Qf4 Qxf4 28.Bxf4 b5 29.Ra5 c4
30.Be5 { ...0-1, Lautier Joel 2580 - Bricard Emmanuel 2485 , France 1992 Ch
France (team) } ) 11.Qxd2 d6 12.f3 Nd7 13.e4 fxe4 14.fxe4 Qh4 15.e5 dxe5 16.d5
exd5 17.cxd5 O-O-O 18.Rf2 { ?! } ( 18.Rf7 { !? } 18...Qh6 19.Qxh6 gxh6 20.Rd1
Nc5 21.Bxc5 bxc5 22.c4 Rdf8 23.Rdf1 { } ) 18...e4 { ?! } ( 18...Bxd5 { !? }
19.Bf5 c6 20.g3 Qh6 21.Qxh6 gxh6 22.Rd1 { } ) 19.Rf4 Qh6 20.Bxe4 Rhe8 21.Bf5
Kb8 22.c4 Ne5 23.Rd1 { ? } ( 23.Qd4 g6 24.Bc2 b5 25.cxb5 g5 26.Rf2 Rxd5 27.Qa4
{ } ) 23...Ba6 { ?! } ( 23...Nxc4 { !? } 24.Rxc4 Rxd5 25.Bd3 Qe3+ 26.Qxe3 Rxe3
27.Bb2 Rexd3 28.Rxd3 Rxd3 29.Bxg7 Rd2 30.Be5 Rxg2+ { } ) 24.Qf2 Nxc4 25.Bc1 g5
26.Rfd4 Qg7 27.Be6 Nd6 28.Qg3 Rf8 29.h3 h6 30.Bb2 Qg6 { } {#R} 0-1

[Event "It (open) \"]
[Site "masterchessopen.com Estartit (Spain)"]
[Date "2006.12.28"]
[Round "1"]
[White "Estremera Panos Sergio (ESP)"]
[Black "Colls Bosch Emili (ESP)"]
[Result "1-0"]
[WhiteElo "2380"]
[BlackElo "1965"]

1.d4 Nf6 2.c4 e6 3.Nc3 Bb4 4.e3 b6 5.Bd3 Bb7 6.Nf3 Bxc3+ 7.bxc3 Ne4 8.O-O O-O
9.Ne1 f5 10.f3 Nf6 11.Qe2 d6 12.e4 fxe4 13.fxe4 e5 14.Nf3 Nbd7 15.c5 exd4
16.cxd4 bxc5 17.e5 dxe5 18.dxe5 Re8 19.Bb2 c4 20.exf6 cxd3 21.f7+ Kxf7 22.Ng5+
Kg8 23.Qh5 {#r} 1-0

[Event "Ch Madrid (1/2 final) (a)"]
[Site "masterchessopen.com Madrid (Spain)"]
[Date "2007.01.09"]
[Round "2"]
[White "Rabadan Velasco Raul (ESP)"]
[Black "Lozano Cortijo Mariano (ESP)"]
[Result "1-0"]
[WhiteElo "2307"]
[BlackElo "2173"]

1.d4 e6 2.c4 Nf6 3.Nc3 Bb4 4.e3 b6 5.Bd3 Bb7 6.Ne2 Be4 7.O-O Bxd3 8.Qxd3 c5
9.d5 Bxc3 10.Nxc3 e5 11.f4 exf4 12.e4 g5 13.e5 Ng4 14.Qe2 Nh6 15.Ne4 Nf5
16.Nf6+ Kf8 17.Qg4 Nd4 18.Qxg5 Na6 19.Qh6+ Ke7 20.d6+ {#r} 1-0

[Event "Tournament (open) \"]
[Site "masterchessopen.com Copenhagen (Denmark)"]
[Date "2007.01.23"]
[Round "6"]
[White "Ottosen Peder (DEN)"]
[Black "Hagen Andreas Skytte (DEN)"]
[Result "0-1"]
[WhiteElo "2047"]
[BlackElo "2300"]

1.d4 e6 2.c4 Nf6 3.Nc3 Bb4 4.e3 b6 5.Bd3 Bb7 6.Nf3 Ne4 7.Qc2 f5 8.O-O Bxc3
9.bxc3 O-O 10.Nd2 Qh4 11.f3 Nxd2 12.Bxd2 Nc6 13.Rab1 d6 14.c5 dxc5 15.dxc5 Ne5
16.Be2 Bc6 17.cxb6 axb6 18.Rb4 Qe7 19.c4 Nd7 20.e4 fxe4 21.fxe4 Qc5+ 22.Kh1
Rxf1+ 23.Bxf1 Qf2 24.Rb1 Nc5 25.Bd3 Rd8 26.Rf1 Qd4 27.Bg5 Ba4 28.Qe2 Qxd3 {#R}
0-1

[Event "Tournament (team) \"]
[Site "masterchessopen.com Sao Paulo (Brazil)"]
[Date "2007.02.24"]
[Round "1"]
[White "Da Silva Tiago Henrique (BRA)"]
[Black "Marra Eduardo Da Costa (BRA)"]
[Result "0-1"]
[WhiteElo "2096"]
[BlackElo "2268"]

1.d4 Nf6 2.c4 e6 3.Nc3 Bb4 4.e3 b6 5.Bd3 Bb7 6.Ne2 Bxg2 7.Rg1 Be4 8.a3 Bxc3+
9.Nxc3 Bg6 10.e4 d6 11.Bg5 e5 12.d5 Nbd7 13.Qc2 Qc8 14.O-O-O h6 15.Be3 Nc5
16.f4 exf4 17.Bxf4 Qd7 18.b4 Nxd3+ 19.Qxd3 a5 20.b5 O-O-O 21.Qd4 Qe7 22.Rde1
Nd7 23.e5 dxe5 24.Bxe5 Qxa3+ {#R} 0-1

[Event "Memorial Ivan Treber (open)"]
[Site "masterchessopen.com Vinkovci (Croatia)"]
[Date "2007.03.02"]
[Round "1"]
[White "Mutapcic Ilija (CRO)"]
[Black "Cebalo Miso (CRO)"]
[Result "0-1"]
[WhiteElo "1956"]
[BlackElo "2550"]

1.d4 Nf6 2.c4 e6 3.Nc3 Bb4 4.e3 b6 5.Bd3 Bb7 6.f3 c5 7.Ne2 O-O 8.O-O d5 9.cxd5
cxd4 10.Nxd4 Nxd5 11.Nxd5 Bxd5 12.Bd2 Bc5 13.Bc3 e5 14.Nc2 Nc6 15.Kh1 f6
16.Qe2 Bf7 17.Rad1 Qe7 18.Bc4 Rac8 19.Bxf7+ Qxf7 20.Rd3 Qxa2 21.Rd7 Qe6
22.Rfd1 a5 23.Qa6 Nb8 24.Qb7 Nxd7 25.Rxd7 Kh8 26.Rxg7 Qf5 27.g4 Qxc2 28.e4
Qc1+ 29.Kg2 Qh6 30.Rd7 Rcd8 31.Bd2 Rxd7 32.Qxd7 Be3 {#R} 0-1

[Event "Ch Norway (team) 2006/07"]
[Site "masterchessopen.com Norway"]
[Date "2007.03.09"]
[Round "7"]
[White "Aarland Stein Arild (NOR)"]
[Black "Mork Kjell-Arne (NOR)"]
[Result "1-0"]
[WhiteElo "2311"]
[BlackElo "2256"]

1.d4 Nf6 2.c4 e6 3.Nc3 Bb4 4.e3 b6 5.Bd3 Bb7 6.f3 O-O 7.Ne2 d5 8.O-O Nbd7
9.cxd5 exd5 10.e4 c5 11.e5 Ne8 12.f4 cxd4 13.Nxd4 Nc5 14.Bxh7+ Kxh7 15.Qh5+
Kg8 16.Rf3 Bxc3 17.bxc3 f5 18.Rh3 Bc8 19.Nf3 Ne6 20.Ng5 Nxg5 21.fxg5 Nf6
22.exf6 Qe8 23.f7+ {#r} 1-0

[Event "It (open)"]
[Site "masterchessopen.com Berazategui (Argentina)"]
[Round "5"]
[White "Mareco Sandro (ARG)"]
[Black "Cruz Jonathan (PER)"]
[Result "1-0"]
[WhiteElo "2438"]
[BlackElo "2244"]

1.d4 Nf6 2.c4 e6 3.Nc3 Bb4 4.e3 b6 5.Bd3 Bb7 6.Nf3 O-O 7.O-O c5 8.Na4 cxd4
9.exd4 Be7 10.Re1 Nc6 11.a3 d5 12.Nc3 dxc4 13.Bxc4 Rc8 14.Ba2 Na5 15.Ne5 Nd5
16.Qd3 Bg5 17.Bxg5 Qxg5 18.Nxd5 Bxd5 19.Bxd5 exd5 20.Qb5 Qf4 21.Qxd5 Rfd8
22.Qf3 Rxd4 23.b4 f6 24.Qh3 Re8 25.Nd3 Rxe1+ 26.Rxe1 Qd6 27.Qc8+ {#r} 1-0

[Event "It (cat.8)"]
[Site "masterchessopen.com Reykjavik (Iceland)"]
[Date "2007.04.06"]
[Round "5"]
[White "Thorfinnsson Bjorn (ISL)"]
[Black "Kjartansson Gudmundur (ISL)"]
[Result "0-1"]
[WhiteElo "2323"]
[BlackElo "2324"]

1.d4 e6 2.c4 Nf6 3.Nc3 Bb4 4.e3 b6 5.Bd3 Bb7 6.f3 d5 7.Qa4+ Nc6 8.cxd5 exd5
9.Bb5 Qd7 10.Ne2 a6 11.Bxc6 Bxc3+ 12.bxc3 Bxc6 13.Qa3 Bb5 14.Ng3 O-O-O 15.Kf2
h5 16.h4 Rhe8 17.Re1 g5 18.hxg5 h4 19.Ne2 Ng4+ 20.fxg4 Qxg4 21.c4 Bxc4 22.e4
Rxe4 23.Ng1 Rxe1 24.Kxe1 Re8+ {#R} 0-1

[Event "Ch Denmark"]
[Site "masterchessopen.com Aalborg (Denmark)"]
[Date "2007.04.07"]
[Round "8"]
[White "Lund Esben (DEN)"]
[Black "Sahl Bjarke (NOR)"]
[Result "0-1"]
[WhiteElo "2408"]
[BlackElo "2259"]

1.d4 Nf6 2.c4 e6 3.Nc3 Bb4 4.e3 b6 5.Bd3 Bb7 6.Ne2 O-O 7.O-O d5 8.cxd5 exd5
9.a3 Bd6 10.b4 a6 11.Ng3 Re8 12.f3 c5 13.bxc5 bxc5 14.Nf5 Bf8 15.Rb1 Bc8
16.Na4 g6 17.Ng3 cxd4 18.exd4 Nc6 19.Rb6 Bd7 20.Bb2 Na5 21.Rxa6 Rb8 22.Bc3 Nc4
23.Bxc4 dxc4 24.Nc5 Nd5 25.Ba5 Qc8 26.Nxd7 Qxd7 27.Ne4 Rxe4 28.fxe4 Ne3 29.Qd2
Nxf1 30.Kxf1 Rb1+ 31.Kf2 Qb7 {#R} 0-1

[Event "Tournament (Elo) (a)"]
[Site "masterchessopen.com Perm (Russia)"]
[Date "2007.04.26"]
[Round "2"]
[White "Chumakov Anatoly (RUS)"]
[Black "Nechaev Nikolay A (RUS)"]
[Result "0-1"]
[WhiteElo "2009"]
[BlackElo "2169"]

1.d4 Nf6 2.c4 e6 3.Nc3 Bb4 4.e3 b6 5.Bd3 Bb7 6.f3 c5 7.Ne2 Nc6 8.O-O O-O 9.Ne4
d5 10.Nxf6+ Qxf6 11.cxd5 exd5 12.Nf4 Rad8 13.a3 Ba5 14.dxc5 bxc5 15.Qc2 c4
16.Bxh7+ Kh8 17.Bf5 Bb6 18.Kh1 Rfe8 19.Rd1 Na5 20.Bd2 Nb3 21.Bc3 Nxa1 22.Bxf6
Nxc2 23.Bxd8 Nxe3 {#R} 0-1

[Event "Tournament (open)"]
[Site "masterchessopen.com Savigliano (Italy)"]
[Date "2007.06.03"]
[Round "5"]
[White "Petritaj Ferdinando (ALB)"]
[Black "Mrdja Milan (CRO)"]
[Result "0-1"]
[WhiteElo "2128"]
[BlackElo "2408"]

1.d4 Nf6 2.c4 e6 3.Nc3 Bb4 4.e3 b6 5.Bd3 Bb7 6.Ne2 Bxg2 7.Rg1 Be4 8.Rxg7 Bg6
9.e4 Nh5 10.Bh6 Nxg7 11.Bxg7 Rg8 12.Bh6 Bh5 13.Qb3 Nc6 14.O-O-O Bxc3 15.Qxc3
Qf6 16.Be3 Bxe2 17.Bxe2 e5 18.dxe5 Qxe5 19.Qd3 O-O-O 20.f4 Qe7 21.c5 Kb8
22.Bf3 f6 23.Qb5 Kb7 24.a4 d5 25.e5 fxe5 26.Rxd5 e4 27.Re5 Nxe5 28.Bxe4+ c6
29.fxe5 Qd7 {#R} 0-1

[Event "Ch European Union"]
[Site "masterchessopen.com Arvier (Italy)"]
[Date "2007.06.24"]
[Round "10"]
[White "Baburin Alexander (IRL)"]
[Black "Likavsky Tomas (SVK)"]
[Result "1-0"]
[WhiteElo "2545"]
[BlackElo "2496"]

{ } 1.d4 Nf6 2.c4 e6 3.Nc3 Bb4 4.e3 b6 5.Bd3 Bb7 6.Ne2 Bxg2 7.Rg1 Be4 8.a3
Bxc3+ 9.Nxc3 { =/? } 9...Bg6 10.e4 d6 ( 10...Nc6 11.e5 Nh5 12.Bg5 f6 13.exf6
gxf6 14.Be3 Ne7 15.Be2 Ng7 16.Bf3 d5 17.Qe2 c6 18.b4 Qd7 19.b5 Rc8 20.Rc1 Ngf5
21.bxc6 Rxc6 22.cxd5 exd5 23.Qb5 Kf7 24.Kd2 Rd8 25.a4 Qd6 26.Rh1 Nxd4 27.Bxd4
Qf4+ 28.Be3 Qxf3 29.Ne2 d4 30.Nxd4 { ...0-1, Karayiannis Costas 2168 - Crouch
Colin S 2357 , Southend 16. 4.2006 It (open) } ) 11.Bg5 e5 12.f4 ( 12.Bc2 Nbd7
13.Ba4 Rc8 14.Bc6 h6 15.Bh4 Kf8 16.Nd5 exd4 17.Nxf6 Nxf6 18.Qxd4 Qe7 19.O-O-O
Qe5 20.Qxe5 dxe5 21.f3 Bh5 22.Rd3 Ne8 23.Be1 Nd6 24.Bb4 a5 25.Bc3 f6 26.c5
bxc5 27.f4 Be8 28.Bd5 exf4 29.e5 fxe5 30.Bxe5 Rh7 31.Bxf4 Bh5 { ...1-0,
Aleksandrov Aleksej 2550 - Kochyev Alexander 2430 , St. Petersburg 1996
Memorial A.Petrov } ) ( 12.h4 Nbd7 13.Be2 exd4 14.Qxd4 h6 15.h5 hxg5 16.hxg6
fxg6 17.Rxg5 Rh1+ 18.Bf1 Ne5 19.Rxe5+ dxe5 20.Qxe5+ Qe7 21.Qxe7+ Kxe7 22.e5
Ne8 23.Nd5+ Ke6 24.O-O-O g5 25.Ne3 Kxe5 26.Rd5+ Kf6 27.Kc2 Rxf1 28.Nxf1 Nd6
29.Ne3 Re8 30.Kd3 Kg6 31.c5 Ne4 { ...1/2-1/2, Karagiannis Athanasios 2245 -
Bagaturov Giorgi 2485 , Athens 1997 It (open) "Acropolis" } ) ( 12.d5 Nbd7 {
-0.22 CAP } ) 12...exf4 ( 12...Nbd7 13.Nd5 { -0.76 CAP } ) 13.Nd5 ( 13.Qf3 Nc6
14.Qf2 Qd7 15.O-O-O O-O-O 16.Nd5 Nxe4 17.Bxe4 Bxe4 18.Bxd8 Nxd8 19.Qxf4 f5
20.Nc3 Re8 21.Rde1 Qc6 22.Nxe4 fxe4 23.Qf5+ Kb8 24.Qb5 g6 25.Kd2 Qxb5 26.cxb5
Nf7 27.Re3 d5 28.Rh3 Nd6 29.Rxh7 Nxb5 30.Rc1 c5 31.dxc5 Nd4 32.Ke3 Nb3 {
...1/2-1/2, Schneider Attila 2266 - Doery Jeno 2314 , Budapest 1982 Ch Hungary
} ) 13...c6 { +1.22 CAP } ( 13...Nbd7 14.e5 ( 14.Rf1 { +0.15 CAP } ) 14...dxe5
15.dxe5 Nxe5 16.Bxg6 hxg6 17.Qe2 Qd6 18.O-O-O f3 19.Qe3 O-O-O 20.Bf4 Nfd7
21.Kb1 Qc5 22.Qc3 f6 23.Rc1 Kb7 24.b4 Qc6 25.Rge1 Rh4 26.Ne7 Qe6 27.Nxg6 Qf5+
28.Ka1 Qxg6 29.c5 Rxf4 30.c6+ Kb8 31.cxd7 Rc4 32.Qb2 Rxc1+ 33.Qxc1 { ...0-1,
Richardson John R 2310 - Pigott John C 2360 , Edinburgh 1996 It (cat.4) } )
14.Nxf4 { N } 14...Nbd7 15.Qf3 Qc7 16.O-O-O O-O-O 17.h4 Rhe8 18.Rde1 h6 { ?! }
( 18...h5 { !? } 19.Nxg6 fxg6 20.Bf4 Kb7 21.Qg3 Re6 22.d5 cxd5 23.exd5 { } )
19.Bxf6 Nxf6 20.h5 Bh7 21.Rxg7 d5 22.e5 Bxd3 23.Qxd3 dxc4 24.Qf5+ Nd7 25.Rxf7
Kb8 26.Ne6 Rxe6 27.Qxe6 Nc5 28.dxc5 { } {#r} 1-0

[Event "It \"]
[Site "masterchessopen.com Brno (Czech Republic)"]
[Date "2007.07.02"]
[Round "4"]
[White "Zavadil Michal (CZE)"]
[Black "Lahner Jakub (CZE)"]
[Result "0-1"]
[WhiteElo "2134"]
[BlackElo "2314"]

1.d4 Nf6 2.c4 e6 3.Nc3 Bb4 4.e3 b6 5.Bd3 Bb7 6.f3 c5 7.a3 cxd4 8.exd4 Bxc3+
9.bxc3 O-O 10.Ne2 h6 11.O-O d6 12.Ng3 Nc6 13.Ne4 Na5 14.Bf4 Ne8 15.Qe2 Rc8
16.Rad1 Ba6 17.c5 Bxd3 18.Rxd3 bxc5 19.dxc5 d5 20.Qf2 Nc4 21.Qd4 Qa5 22.Nd6 e5
23.Bxe5 Nxe5 24.Nxc8 Nxd3 25.Qxd5 Qc7 26.Qc6 Qe5 27.h3 Nf6 28.Nxa7 Nd5 29.Qd6
Qe2 30.Qxd5 Nf4 {#R} 0-1